Military Aircraft by Picture - Statistics

General Stats
  • This quiz has been taken 588 times
  • The average score is 11 of 16
Answer Stats
Picture Hint Answer % Correct
General Dynamics F-16 Fighting Falcon
96%
Northrop Grumman B-2 Spirit
94%
Fairchild Republic A-10 Thunderbolt II
91%
Lockheed Martin F-22 Raptor
91%
McDonnell Douglas F-4 Phantom II
81%
Eurofighter Typhoon
79%
Mikoyan-Gurevich MiG-21 "Fishbed"
75%
Boeing B-29 Superfortress
74%
Sukhoi Su-27 "Flanker"
72%
British Aerospace (BAe) Harrier II
71%
Dassault Mirage 2000
62%
North American F-86 Sabre
60%
Douglas A-4 Skyhawk
46%
de Havilland Vampire
39%
Ling-Temco-Vought (LTV) A-7 Corsair II
37%
Ilyushin Il-76 "Candid"
33%
No matching quizzes found
Score Distribution
Percent of People with Each Score
Percentile by Number Answered
Your Score History
You have not taken this quiz